书目信息 |
| 题名: |
胡霸天下
|
|
| 作者: | 董晶晶 著 | |
| 分册: | ||
| 出版信息: | 北京 新世界出版社 2012.05 |
|
| 页数: | 346页 | |
| 开本: | 24cm | |
| 丛书名: | ||
| 单 册: | ||
| 中图分类: | K238.09 | |
| 科图分类: | ||
| 主题词: | 五胡十六国时代--历史--通俗读物 | |
| 电子资源: | ||
| ISBN: | 978-7-5104-2785-5 | |
| 000 | 01138nam0 2200289 450 | |
| 001 | 0100140583 | |
| 005 | 20141020221347.0 | |
| 010 | @a978-7-5104-2785-5@dCNY39.00 | |
| 100 | @a20120911d2012 em y0chiy50 ea | |
| 101 | 0 | @achi |
| 101 | 11 | @achi |
| 102 | @aCN@b110000 | |
| 105 | @ay z 000yy | |
| 106 | @ar | |
| 200 | 1 | @a胡霸天下@Ahu ba tian xia@9hu ba tian xia@b专著@e五胡十六国风云@e公元304-439年@f董晶晶著@Fdong jing jing zhu |
| 210 | @a北京@c新世界出版社@d2012.05 | |
| 215 | @a346页@d24cm | |
| 300 | @a白话正史系列之一 | |
| 330 | @a本书展现了五胡十六国的历史。白痴皇帝晋惠帝、淫邪妖后贾南风、“草根皇帝”石勒、“十六国第一神僧”佛图澄、五废六立的传奇皇后羊献容、“史上最牛十大勇将”之一的武悼天王冉闵、嗜血暴君石虎、燕国慕容氏群雄、独眼暴君苻生、前秦大帝苻坚、千古名相王猛、气吞万里如虎的刘裕、“最后的匈奴”赫连勃勃、“天下第一才子”崔浩、“军人皇帝”拓跋焘,相继登场。 | |
| 517 | 1 | @a五胡十六国风云 |
| 540 | @a胡霸天下 | |
| 606 | 0 | @a五胡十六国时代@x历史@j通俗读物 |
| 690 | @aK238.09@v5 | |
| 701 | 0 | @a董晶晶@Adong jing jing@4著 |
| 801 | @aCN | |
| 901 | @a001 | |
| 905 | @b1103527-9@dK238.09@eD702@f3@a241430 | |
| 胡霸天下:五胡十六国风云:公元304-439年/董晶晶著.-北京:新世界出版社,2012.05 |
| 346页;24cm |
| 白话正史系列之一 |
| ISBN 978-7-5104-2785-5:CNY39.00 |
| 本书展现了五胡十六国的历史。白痴皇帝晋惠帝、淫邪妖后贾南风、“草根皇帝”石勒、“十六国第一神僧”佛图澄、五废六立的传奇皇后羊献容、“史上最牛十大勇将”之一的武悼天王冉闵、嗜血暴君石虎、燕国慕容氏群雄、独眼暴君苻生、前秦大帝苻坚、千古名相王猛、气吞万里如虎的刘裕、“最后的匈奴”赫连勃勃、“天下第一才子”崔浩、“军人皇帝”拓跋焘,相继登场。 |
| ● |
| 相关链接 |
|
|
|
正题名:胡霸天下
索取号:K238.09/D702
 
预约/预借
| 序号 | 登录号 | 条形码 | 馆藏地/架位号 | 状态 | 备注 |
| 1 | 1103527 | 211035271 | 社科库309/309社科库 33排5列6层/ [索取号:K238.09/D702] | 在馆 | |
| 2 | 1103528 | 211035280 | 社科库309/309社科库 33排5列6层/ [索取号:K238.09/D702] | 在馆 | |
| 3 | 1103529 | 211035299 | 社科库309/309社科库 33排5列6层/ [索取号:K238.09/D702] | 在馆 |